000 00198nam a22001097a 4500
082 _a620.1MIL
100 _aMiller W R
245 _aPower machinces
260 _c1978
300 _a91
942 _cBK
999 _c12710
_d12710